000 00471nam a2200181Ia 4500
005 20250326125755.0
008 250326s9999 xx 000 0 und d
037 _aTextbook
040 _aFMSL
_beng
_cFMSL
041 _aeng
_2eng
084 _aB2893P N4
_qFMSL
100 _aLoomba N D
_9739659
245 0 _aLinear programming
_cLoomba N D
260 _aNY
_bNY, M G H
_c1964
300 _a284p
942 _cTB
_hB2893P N4
999 _c1279503
_d1279503